[Event "Challenge"]
[Site "http://www.queenalice.com/game.php?id=190233"]
[Date "2007.3.31"]
[Round "-"]
[White "dezza"]
[Black "DEI_RCR"]
[Result "0-1"]
[WhiteElo "1086"]
[BlackElo "1500"]

1. Na3 e5 2. e3 d5 3. d3 Nc6 4. b4 Nxb4 5. Qe2 Bc5 6. Qf3 Nf6 7. Qh3 Bxh3 8.
gxh3 Qe7 9. Bg2 e4 10. dxe4 dxe4 11. f3 Nbd5 12. fxe4 Nxe4 13. Bxe4 Qxe4 14. Ne2
Qxh1+ 15. Kd2 Bxa3 16. Bxa3 Qxa1 17. h4 O-O-O 18. Bb2 Qxb2 19. a3 Nf4+ 20. Ke1
Nd5 21. Kf2 Qxc2 22. e4 Rhe8 23. exd5 Qxe2+ 24. Kg3 Rxd5 25. Kh3 Re3# 0-1

[Event "Challenge"]
[Site "http://www.queenalice.com/game.php?id=190237"]
[Date "2007.3.31"]
[Round "-"]
[White "mogerio"]
[Black "DEI_RCR"]
[Result "0-1"]
[WhiteElo "1206"]
[BlackElo "1724"]

1. e4 e5 2. d3 Nf6 3. Nf3 Nc6 4. Nc3 d6 5. Be2 Bg4 6. Nh4 Qd7 7. Bxg4 Nxg4 8.
O-O Nd4 9. Nf3 Nf6 10. Nxd4 exd4 11. Nd5 Nxd5 12. exd5 O-O-O 13. Qe2 f5 14. Re1
h6 15. c4 g5 16. Qc2 f4 17. Qb3 Bg7 18. Qa3 a6 19. Re2 Be5 20. Rc2 Qg4 21. f3
Qh4 22. g3 fxg3 23. hxg3 Qxg3+ 24. Kf1 Qxf3+ 25. Rf2 Qh3+ 26. Rg2 Qh1+ 27. Rg1
Rhf8+ 28. Ke1 Qxg1+ 29. Kd2 Rf2# 0-1

[Event "Challenge"]
[Site "http://www.queenalice.com/game.php?id=190408"]
[Date "2007.3.31"]
[Round "-"]
[White "Lauermann"]
[Black "DEI_RCR"]
[Result "0-1"]
[WhiteElo "1592"]
[BlackElo "1500"]

1. e3 e5 2. Qh5 Nc6 3. Bc4 d5 4. Bb3 Nh6 5. e4 Bg4 6. Qxh6 gxh6 7. exd5 Nd4 8.
Ba4+ Bd7 9. c3 Bxa4 10. cxd4 exd4 11. Ne2 Qxd5 12. O-O Bc6 13. f3 Bc5 14. d3 Qf5
15. Re1 O-O-O 16. Ng3 Qxd3 17. Nd2 Qb5 18. Nf5 Rhg8 19. Ne7+ Bxe7 20. Rxe7 Qg5
21. Rxf7 Qxg2# 0-1

[Event "Challenge"]
[Site "http://www.queenalice.com/game.php?id=192222"]
[Date "2007.4.5"]
[Round "-"]
[White "DEI_RCR"]
[Black "h20"]
[Result "1-0"]
[WhiteElo "1623"]
[BlackElo "1429"]

1. e4 Nc6 2. d4 Nf6 3. Nc3 e5 4. d5 Nd4 5. Nf3 Nxf3+ 6. Qxf3 d6 7. Bc4 Bd7 8. h3
c6 9. Bg5 h6 10. Bxf6 Qxf6 11. dxc6 Bxc6 12. O-O-O Qg5+ 13. Kb1 a6 14. Bxf7+ Ke7
15. Rd3 Be8 16. Bxe8 Kxe8 17. Rhd1 b5 18. Nd5 Qg6 19. Nc7+ Kd7 20. Nxa8 Kc6 21.
Ra3 Kb7 22. Rd5 Be7 23. Qc3 Kxa8 24. Qc6+ Kb8 25. Rxa6 Qxe4 26. Rxb5# 1-0

[Event "Challenge"]
[Site "http://www.queenalice.com/game.php?id=192840"]
[Date "2007.4.6"]
[Round "-"]
[White "danco69"]
[Black "DEI_RCR"]
[Result "0-1"]
[WhiteElo "1503"]
[BlackElo "1664"]

1. e4 e5 2. d4 Nc6 3. dxe5 Nxe5 4. Nf3 Bd6 5. Nxe5 Bxe5 6. Bd3 Qf6 7. O-O c6 8.
c3 Nh6 9. Bxh6 Qxh6 10. h3 Qg6 11. Na3 d6 12. Qf3 O-O 13. Nc4 Be6 14. Nxe5 dxe5
15. Qg3 f6 16. Qxg6 hxg6 17. g3 Rad8 18. Rad1 Bxa2 19. Ra1 Be6 20. Rxa7 Rxd3 21.
Rxb7 Bxh3 22. Re1 Rfd8 23. Rc7 Rd2 24. Rxc6 Rxb2 25. Re3 Rd1+ 26. Kh2 Rxf2+ 27.
Kxh3 Rh1+ 28. Kg4 g5 29. Rf3 Rg2 30. Rc8+ Kh7 31. Rc7 Kh6 32. Rc8 Kg6 33. c4
Rh4# 0-1

[Event "Challenge"]
[Site "http://www.queenalice.com/game.php?id=194465"]
[Date "2007.4.10"]
[Round "-"]
[White "kleopatra"]
[Black "DEI_RCR"]
[Result "1-0"]
[WhiteElo "1853"]
[BlackElo "1651"]

1. d4 Nc6 2. Nf3 d5 3. e3 Nf6 4. c4 Bg4 5. Nc3 dxc4 6. Bxc4 e6 7. h3 Bxf3 8.
Qxf3 Qd6 9. b3 Qb4 10. Bd2 Qa5 11. a3 Bd6 12. Nd5 Nb4 13. Bxb4 Bxb4+ 14. Nxb4
O-O 15. O-O c5 16. dxc5 Rad8 17. c6 bxc6 18. Nxc6 Qc3 19. Nxd8 Rxd8 20. Rfd1 Rb8
21. Qg3 Re8 22. Qc7 Ne4 23. Qd7 Kf8 24. Bb5 Nf6 25. Qd6+ Kg8 26. Bxe8 Nxe8 27.
Qe7 a5 28. Qxe8# 1-0

[Event "Challenge"]
[Site "http://www.queenalice.com/game.php?id=199016"]
[Date "2007.4.19"]
[Round "-"]
[White "Bitencourt"]
[Black "DEI_RCR"]
[Result "1-0"]
[WhiteElo "1403"]
[BlackElo "1603"]

1. d4 d5 2. Nf3 Bf5 3. c4 dxc4 4. Nc3 b5 5. Nxb5 e6 6. Bf4 Nf6 7. Qa4 Nbd7 8.
Nxc7+ Ke7 9. Qb4+ Nc5 10. Nxa8 Qxa8 11. Qxc5+ Kd7 12. Ne5+ Ke8 13. Qb5+ Kd8 14.
Rc1 a6 15. Qxc4 Qb8 16. Nc6+ Kc8 17. Nxb8+ Kd8 18. Qc8+ Ke7 19. Nc6# 1-0

[Event "Challenge"]
[Site "http://www.queenalice.com/game.php?id=200865"]
[Date "2007.4.22"]
[Round "-"]
[White "GildemarSantos"]
[Black "DEI_RCR"]
[Result "1-0"]
[WhiteElo "1688"]
[BlackElo "1724"]

1. e4 e5 2. Nf3 Nc6 3. Bb5 Bc5 4. O-O Nd4 5. Nxe5 Qf6 6. Nd3 Bd6 7. e5 Bxe5 8.
Nxe5 Nxb5 9. Re1 Ne7 10. Qe2 Nd4 11. Qe4 c5 12. c3 Nc2 13. Qxc2 d6 14. Nf3 O-O
15. d4 cxd4 16. Nxd4 Nf5 17. Nxf5 Bxf5 18. Qe2 Rfe8 19. Qxe8+ Rxe8 20. Rxe8# 1-0

[Event "Challenge"]
[Site "http://www.queenalice.com/game.php?id=206138"]
[Date "2007.5.4"]
[Round "-"]
[White "Croftsy"]
[Black "DEI_RCR"]
[Result "1-0"]
[WhiteElo "1527"]
[BlackElo "1583"]

1. e4 e5 2. d4 exd4 3. Qxd4 Nf6 4. e5 Nh5 5. Be2 Nc6 6. Qd5 Nb4 7. Qd1 Nf4 8.
Bxf4 d6 9. a3 Nd5 10. Qxd5 Be6 11. Qxb7 dxe5 12. Qb5+ Bd7 13. Qxe5+ Be6 14. Nc3
Rc8 15. Nf3 Rg8 16. Ng5 Bd6 17. Qe4 Qe7 18. g3 Kd7 19. Qa4+ c6 20. Qxa7+ Ke8 21.
Qxe7+ Bxe7 22. O-O-O f6 23. Nxe6 g5 24. Be3 Kf7 25. Bc4 Kg6 26. h4 Kh5 27. hxg5+
Kg6 28. Bd3+ Kf7 29. Bc4 Ke8 30. Bd4 fxg5 31. Nc7+ Rxc7 32. Bxg8 Rd7 33. Ne4 Kf8
34. Bxh7 g4 35. Bf5 c5 36. Bxd7 Bg5+ 37. Nxg5 Ke7 38. Bxc5+ Kf6 39. Ne4+ Kg6 40.
Bxg4 Kf7 41. Nd6+ Kg6 42. f4 Kf6 43. Rhe1 Kg7 44. Ne8+ Kg6 45. Be2 Kf7 46. Bc4+
Kg6 47. g4 Kh6 48. Rd6+ Kh7 49. Rh1# 1-0

[Event "Opus Dei"]
[Site "http://www.queenalice.com/game.php?id=207019"]
[Date "2007.5.6"]
[Round "-"]
[White "technicaldraw"]
[Black "DEI_RCR"]
[Result "1-0"]
[WhiteElo "2037"]
[BlackElo "1623"]

1. e4 e5 2. Nf3 Nc6 3. Bb5 Nf6 4. d3 a6 5. Bxc6 bxc6 6. Nxe5 Qe7 7. Nf3 Rb8 8.
O-O d5 9. b3 Qd6 10. e5 Qe6 11. exf6 Qxf6 12. Re1+ Be7 13. Bg5 Qxa1 14. Rxe7+
Kf8 15. Qe1 f6 16. Rxc7 fxg5 17. Qe7+ Kg8 18. Qf7# 1-0

[Event "Challenge"]
[Site "http://www.queenalice.com/game.php?id=210813"]
[Date "2007.5.14"]
[Round "-"]
[White "DEI_RCR"]
[Black "sunking"]
[Result "1-0"]
[WhiteElo "1552"]
[BlackElo "1635"]

1. d4 d5 2. Nc3 e6 3. Nf3 Bb4 4. a3 Bxc3+ 5. bxc3 Nf6 6. Bg5 h6 7. Bxf6 gxf6 8.
e3 Nc6 9. Bb5 a6 10. Bxc6+ bxc6 11. Rb1 Rg8 12. O-O f5 13. h3 a5 14. Ne5 Ba6 15.
Qh5 Qf6 16. Qf3 Bxf1 17. Kxf1 Ke7 18. Nxc6+ Kd7 19. Ne5+ Ke7 20. Rb7 Rab8 21.
Nc6+ Kd7 22. Rxb8 Rxb8 23. Nxb8+ Kc8 24. Na6 c6 25. Qe2 Qe7 26. Nc5 Kc7 27. Qa6
Kd6 28. Qxa5 e5 29. dxe5+ Kxe5 30. f4+ Kf6 31. Nd3 Qxe3 32. Qd8+ Qe7 33. Qh8+
Ke6 34. Qe5+ Kd7 35. Qxf5+ Qe6 36. Qxe6+ Kxe6 37. a4 f6 38. a5 Kf5 39. a6 Ke6
40. a7 c5 41. a8=Q Kf5 42. Qxd5+ Kg6 43. g4 c4 44. Qxc4 h5 45. f5+ Kg5 46. Qf4+
Kh4 47. gxh5+ Kxh3 48. Nf2# 1-0

[Event "Challenge"]
[Site "http://www.queenalice.com/game.php?id=211344"]
[Date "2007.5.15"]
[Round "-"]
[White "DEI_RCR"]
[Black "sunking"]
[Result "1-0"]
[WhiteElo "1516"]
[BlackElo "1660"]

1. e4 e5 2. Nf3 d5 3. d3 d4 4. Nxe5 Bb4+ 5. Bd2 a5 6. Bxb4 Nc6 7. Nxc6 bxc6 8.
Bc5 Nf6 9. Nd2 Rb8 10. Nf3 Rb5 11. Bxd4 Ng4 12. c4 Rb4 13. Bxg7 Rg8 14. Bd4 h5
15. h3 Nf6 16. a3 Qd6 17. Qd2 Rb3 18. e5 Qe6 19. Be2 Rxg2 20. Ng5 Qf5 21. h4
Rxf2 22. Bxf2 Nd7 23. d4 a4 24. Rf1 c5 25. Qa5 Kd8 26. Rb1 Qxb1+ 27. Bd1 Rxb2
28. dxc5 Nxe5 29. Qc3 Nd3+ 30. Qxd3+ Bd7 31. Qxb1 Rxb1 32. Nxf7+ Ke7 33. Be3 Rb3
34. Bg5+ Kf8 35. Ne5+ Ke8 36. Bxh5# 1-0

[Event "Challenge"]
[Site "http://www.queenalice.com/game.php?id=212900"]
[Date "2007.5.18"]
[Round "-"]
[White "DEI_RCR"]
[Black "sunking"]
[Result "1-0"]
[WhiteElo "1582"]
[BlackElo "1651"]

1. e4 e5 2. Nf3 d6 3. Nc3 Nf6 4. d4 Nc6 5. d5 Nd4 6. Bb5+ c6 7. Nxd4 exd4 8. Ne2
cxb5 9. Nxd4 Nxe4 10. Be3 b4 11. Qd3 f5 12. Qb5+ Bd7 13. Qxb4 Be7 14. O-O-O b6
15. f3 f4 16. Bg1 Nc5 17. Qc3 Na4 18. Qd3 b5 19. Nxb5 Rb8 20. Nxa7 Rxb2 21. Kd2
Qa5+ 22. Ke2 Bb5 23. Nxb5 Qxb5 24. Rc1 Nc5 25. Bxc5 dxc5 26. Rhe1 c4 27. Qe4 c3+
28. Kf2 Qc5+ 29. Kf1 Qb5+ 30. Re2 Qd7 31. Rce1 Rb6 32. Qd4 O-O 33. Rxe7 Qb5+ 34.
Kf2 Rbf6 35. d6 h6 36. Qxc3 Qb6+ 37. Kf1 Qxd6 38. Qc4+ Kh7 39. Qd3+ Kg8 40. Qb3+
Kh7 41. c4 Qa6 42. h4 h5 43. R1e5 Kh6 44. Rc7 Qd6 45. Rcc5 Rd8 46. Rxh5+ Kg6 47.
Rcg5+ Kf7 48. Rd5 Qe7 49. c5 Kg6 50. Rdg5# 1-0

[Event "Challenge"]
[Site "http://www.queenalice.com/game.php?id=216689"]
[Date "2007.5.26"]
[Round "-"]
[White "Macuei"]
[Black "DEI_RCR"]
[Result "1-0"]
[WhiteElo "1877"]
[BlackElo "1523"]

1. e4 e5 2. Nf3 Nc6 3. Bb5 a6 4. Bxc6 bxc6 5. Nxe5 Qe7 6. d4 d6 7. Nf3 Qxe4+ 8.
Be3 Nf6 9. Nc3 Qg4 10. h3 Qxg2 11. Rh2 Qg6 12. Bg5 Nh5 13. Qe2+ Be6 14. O-O-O d5
15. Rg1 Qf5 16. Nh4 Nf4 17. Qd2 Qxh3 18. Bxf4 Qxh2 19. Bxh2 Bd6 20. Bxd6 cxd6
21. Rxg7 O-O-O 22. Qe2 Rd7 23. Qxa6+ Rb7 24. Qxc6+ Rc7 25. Qa8+ Kd7 26. Qxh8 Rc5
27. dxc5 Bg4 28. Rxf7+ Ke6 29. Qf6# 1-0

[Event "Challenge"]
[Site "http://www.queenalice.com/game.php?id=216690"]
[Date "2007.5.26"]
[Round "-"]
[White "DEI_RCR"]
[Black "Macuei"]
[Result "0-1"]
[WhiteElo "1519"]
[BlackElo "1874"]

1. e4 e5 2. Nf3 Nc6 3. Nc3 Nf6 4. d4 exd4 5. Nxd4 Bb4 6. f3 Bxc3+ 7. bxc3 Nxd4
8. Qxd4 O-O 9. Ba3 d6 10. Bc4 Re8 11. O-O-O Be6 12. Bb3 Nd7 13. g4 Qh4 14. Rdg1
Ne5 15. Rg3 Bxb3 16. cxb3 Qf6 17. Rf1 d5 18. f4 dxe4 19. f5 Qa6 20. c4 Qxa3+ 21.
Kb1 Nf3 22. Re1 Nxd4 23. g5 Nf3 24. Re2 Red8 25. Rxe4 Rd1+ 26. Kc2 Qc1# 0-1